000 00545nam a22001817a 4500
999 _c7408
_d7408
003 OSt
005 20211026153515.0
008 211026b ||||| |||| 00| 0 eng d
020 _a9798683403928
040 _cDDC
082 _a629INT 2020
100 _aGuyer,J. Paul;
_915170
245 _aAn Introduction to Electric Power System Protection and coordination.
_cEdited by Guyer,J. Paul, P. E and R. A.;
260 _aCalifornia
_bThe Clubhouse Press.
_c2020
300 _a50p;
_bill;
_c27cm
650 _aEngineering
_9373
942 _2ddc
_cO_SHELF